| 000 | 01975cam a22005894i 4500 | ||
|---|---|---|---|
| 003 | PE-LiUPU | ||
| 005 | 20250731170415.0 | ||
| 008 | 150623s1996 miu r 001 0 eng d | ||
| 020 | _a0802842348 | ||
| 035 | _a(Sirsi) i9780802842343 | ||
| 040 |
_aPE-LiUPU _bspa _cPE-LiUPU _erda |
||
| 049 | _aPRUA | ||
| 082 | 0 | 4 |
_a174.2 _bM38 _221 |
| 100 | 1 |
_aMeilaender, Gilbert, _d1946-, _eautor. |
|
| 245 | 1 | 0 |
_aBioethics a primer for christians / _cGilbert Meilaender. |
| 264 | 1 |
_aMichigan : _bWilliam B. Eerdmans Publishing Company, _c1996. |
|
| 300 |
_a120 páginas ; _c23 centímetros |
||
| 336 |
_atext _2rdacontent |
||
| 337 |
_aunmediated _2rdamedia |
||
| 338 |
_avolume _2rdacarrier |
||
| 504 | _aÍndice : páginas 119-120. | ||
| 505 | 0 | _aChristian vision -- Procreation versus reproduction -- Abortion -- Genetic advance -- Prenatal screening -- suicide and euthanasia -- Who decides? -- Gifts of the body: organ donation -- Gifts of the body: human experimentation -- Sickness and health -- Index. | |
| 526 | _aSEG68 | ||
| 526 | _aSEG70 | ||
| 526 | _aSEG69 | ||
| 526 | _aSEG67 | ||
| 526 | _aSEG43 | ||
| 526 | _aP144 | ||
| 526 | _aP143 | ||
| 526 | _aP131 | ||
| 526 | _aP122 | ||
| 526 | _aP120 | ||
| 526 | _aP117 | ||
| 526 | _aP112 | ||
| 526 | _aP110 | ||
| 526 | _aP106 | ||
| 526 | _aP101 | ||
| 526 | _aP80 | ||
| 526 | _aP59 | ||
| 526 | _aP54 | ||
| 526 | _aP35 | ||
| 526 | _aP33 | ||
| 526 | _aP30 | ||
| 650 | 0 | 4 |
_aBioetica _xAspectos religiosos _vManuales. |
| 650 | 0 | 4 |
_aÉtica cristiana. _91047 |
| 942 |
_2ddc _cBOOK |
||
| 949 |
_a174.2 M38 _wDEWEY _c1 _i44389 _lCCODEBUL1 _mBUL _r0 _sY _tBOOK _u2015-6-24 _xTEOLOGIA _PP35 _0COMPRA _o.STAFF. Colección General |
||
| 994 |
_aC0 _bPEPRU |
||
| 596 | _a1 | ||
| 999 |
_a174.2 M38 _wDEWEY _c21269 _i44389 _f2021-11-9 _g5 _lCCODEBUL1 _mBUL _p39.95 _r0 _sY _tBOOK _u2015-6-24 _xTEOLOGIA _PP35 _0COMPRA _o.STAFF. Colección Teología _d21269 |
||
| 980 |
_81 _gALBERTO SANCHEZ Responsable de Automatización |
||